Puchar Świata - klasyfikacja generalna za sezon 2020/21 - Statystyki

Ogólne statystyki
  • Ten quiz został rozwiązany 61 razy
  • Średni wynik to 61 z 78
Statystyki odpowiedzi
Miejsce Skoczek Narodowość Pkt % Poprawnych
8. Dawid Kubacki Polska 786
98%
3. Kamil Stoch Polska 955
98%
7. Piotr Żyła Polska 825
98%
38. Cene Prevc Słowenia 83
96%
22. Domen Prevc Słowenia 241
96%
33. Junshiro Kobayashi Japonia 113
96%
6. Karl Geiger Niemcy 826
96%
23. Peter Prevc Słowenia 230
96%
4. Ryoyu Kobayashi Japonia 919
96%
40. Aleksander Zniszczoł Polska 81
93%
9. Anze Lanisek Słowenia 775
93%
1. Halvor Egner Granerud Norwegia 1572
93%
5. Robert Johansson Norwegia 884
93%
16. Andrzej Stękała Polska 473
91%
37. Antti Aalto Finlandia 90
91%
19. Johann Andre Forfang Norwegia 338
91%
20. Keiichi Sato Japonia 291
91%
58. Maciej Kot Polska 17
91%
11. Yukiya Sato Japonia 581
91%
43. Artti Aigro Estonia 63
89%
26. Gregor Deschwanden Szwajcaria 206
89%
39. Jan Hoerl Austria 82
89%
32. Mackenzie Boyd-Clowes Kanada 115
89%
10. Marius Lindvik Norwegia 612
89%
2. Markus Eisenbichler Niemcy 1190
89%
45. Paweł Wąsek Polska 62
89%
41. Simon Ammann Szwajcaria 77
89%
17. Stefan Kraft Austria 429
89%
14. Daniel-Andre Tande Norwegia 543
87%
12. Daniel Huber Austria 561
87%
31. Klemens Murańka Polska 141
87%
15. Pius Paschke Niemcy 514
87%
Tomasz Pilch Polska 1
87%
35. Evgeniy Klimov Rosja 110
85%
27. Jakub Wolny Polska 195
85%
18. Michael Hayboeck Austria 347
85%
50. Niko Kytosaho Finlandia 47
85%
74. Stefan Hula Polska 2
85%
46. Timi Zajc Słowenia 60
85%
29. Severin Freund Niemcy 160
83%
Vladimir Zografski Bułgaria 20
83%
25. Ziga Jelar Słowenia 207
83%
76. Alex Insam Włochy 1
80%
13. Bor Pavlovcic Słowenia 559
80%
30. Constantin Schmid Niemcy 151
80%
55. Daiki Ito Japonia 21
80%
54. Dominik Peter Szwajcaria 25
80%
Daniel Tschofenig Austria 30
78%
65. Giovanni Bresadola Włochy 8
78%
49. Manuel Fettner Austria 50
78%
51. Anze Semenic Słowenia 30
76%
62. Lovro Kos Słowenia 14
76%
Matthew Soukup Kanada 1
74%
28. Mikhail Nazarov Rosja 176
74%
Viktor Polasek Czechy 4
74%
Cestmir Kozisek Czechy 2
72%
34. Naoki Nakamura Japonia 111
72%
71. Casey Larson Stany Zjednoczone 3
70%
53. Clemens Aigner Austria 27
70%
21. Philipp Aschenwald Austria 265
70%
69. Richard Freitag Niemcy 4
70%
56. Roman Trofimov Rosja 20
70%
47. Tilen Bartol Słowenia 58
67%
67. Danil Sadreev Rosja 6
63%
68. Denis Kornilov Rosja 5
61%
24. Martin Hamann Niemcy 216
59%
Gregor Schlierenzauer Austria 8
57%
36. Thomas Lackner Austria 93
57%
Ulrich Wohlgenannt Austria 17
54%
48. Anders Haare Norwegia 52
52%
Jarkko Maatta Finlandia 3
52%
42. Markus Schiffner Austria 76
52%
Sander Vossan Eriksen Norwegia 63
50%
60. Thomas Aasen Markeng Norwegia 15
50%
63. David Haagen Austria 13
43%
Jernej Presecnik Słowenia 3
43%
Maximilian Steiner Austria 15
43%
64. Timon-Pascal Kahofer Austria 9
43%
Nie znaleziono quizów pasujących do podanych kryteriów
Rozkład punktacji
Procent ludzi z każdym wynikiem
Percentyl według liczby udzielonych odpowiedzi
Twoja historia wyników
Nie rozwiązałeś tego quizu